Loading...
| Other Academic | 0 | 2 | 0 | 1 | 20 | 22 | 53.50 | 1 | 1 | 55.15 | 60.00 |
| Fine Arts - Classical Music | 0 | 2 | 0 | 0 | 20 | 76 | 102.50 | 0 | 0 | 4.45 | 15.00 |
| Science - Other | 0 | 3 | 2 | 0 | 20 | 52 | 72.33 | 1 | 1 | 11.84 | 16.91 |
| History - World | 0 | 2 | 1 | 1 | 15 | 85 | 98.00 | 0 | 0 | 4.81 | 11.25 |
| Science - Chemistry | 0 | 2 | 1 | 0 | 15 | 96 | 111.00 | 0 | 0 | 2.07 | 2.00 |
| Pop Culture | 0 | 1 | 0 | 0 | 10 | 42 | 42.00 | 0 | 1 | 22.73 | 20.83 |
| Philosophy | 0 | 1 | 1 | 0 | 5 | 49 | 49.00 | 0 | 1 | 6.11 | 10.00 |
| History - Other | 0 | 1 | 1 | 0 | 5 | 91 | 91.00 | 0 | 0 | 2.02 | 2.50 |
| Science - Biology | 0 | 1 | 1 | 0 | 5 | 113 | 113.00 | 0 | 0 | 0.50 | 4.00 |
| Science - Physics | 0 | 2 | 3 | 0 | 5 | 54 | 87.50 | 0 | 1 | 6.96 | 10.18 |
| Literature - American | 0 | 0 | 0 | 0 | 0 | 0.00 | 0 | 0 | 0.00 | 0.00 | |
| History - American | 0 | 0 | 0 | 0 | 0 | 0.00 | 0 | 0 | 0.00 | 0.00 | |
| Literature - European | 0 | 0 | 1 | 0 | -5 | 0.00 | 0 | 0 | 0.00 | 0.00 | |
| Religion | 0 | 0 | 1 | 0 | -5 | 0.00 | 0 | 0 | 0.00 | 0.00 | |
| Social Science | 0 | 0 | 2 | 0 | -10 | 0.00 | 0 | 0 | 0.00 | 0.00 |